000 00564nam a2200181Ia 4500
008 090123s9999 xx 000 0 und d
082 _b36593
100 _aपैंगणकर इंदुमती
245 _aरुप साधना
250 _a1
260 _bपॉप्युलर प्रकाशन
_c2004
300 _a168
600 _aपैंगणकर इंदुमती
630 _aरुप साधना
700 _aपैंगणकर इंदुमती
730 _aरुप साधना
942 _cBOOK
999 _c74663
_d74663